00848cam a2200265 a 450000100100000000500170001000800410002702000150006804000290008308200250011210000350013724500400017225000110021226000370022330000280026049000210028865000280030965000300033783000280036791000280039591000070042304900090043095201280043999900150056700000860920200929161354.0760423s1988 sp a 000 p spa d a843220269X aDO-SdBNPbspacLCdBNPHU aM861.44bP348m, 19881 aPaz, Octavio,d1914-19989870313aEl mono gramático /cOctavio Paz. a2a ed. aBarcelona :bSeix Barral,c1988. a142 p. :bil. ;c20 cm.1 aBiblioteca breve 4aPoesía mexicana99120 4aLiteratura mexicana91922 0aBiblioteca breve913442 aCatalogación derivada aWM aBNGR 001054708MOaGRbGRcHDd2009-09-17iLF1l0oM861.44 P348m, 1988p8609-10r2020-06-25w2020-06-25y4ZPréstamo en sala c8379d8379